| 000 | 00425nam a2200169Ia 4500 | ||
|---|---|---|---|
| 005 | 20240823060252.0 | ||
| 008 | 240823s9999||||xx |||||||||||||| ||und|| | ||
| 041 | _aENGLISH | ||
| 082 | _A658.2 Q3 | ||
| 100 | _aRamachandran K | ||
| 245 | 0 | _aIndustrial Engineering and Management | |
| 250 | _a1st | ||
| 260 |
_c2013 _bSooraj Publica |
||
| 500 | _aTRANSFERED | ||
| 650 |
_aManagement _bManagement Studies |
||
| 942 | _cBK | ||
| 999 |
_c230730 _d230730 |
||